000 01243nam a2200349 i 4500
001 rda
003 DO-SdBNP
005 20260321073645.0
007 ta
008 230203b2013 dr ||||| |||| 00| 0 spa d
020 _a9945405586
040 _aDO-SdBNP
_bspa
_cBNPHU
_erda
041 _aspa
082 4 _aRD861.44
_bM671h 2013
_222
245 0 0 _aHay un país en el mundo y otros poemas de Pedro Mir /
_cprólogo, Juan Bosch ; compilador, Tomás Castro Burdiez.
250 _aTercera edición
264 4 _aSanto Domingo :
_bFundación para la Educación y el Arte,
_c©2013.
300 _a125 páginas ;
_c22 cm.
336 _atexto
_btxt
_2rdacontent
337 _asin mediación
_bn
_2rdamedia
338 _avolumen
_bnc
_2rdacarrier
500 _aEdición con motivo del centenario del natalicio de Pedro Mir.
500 _aIncluye referencias bibliográficas y notas al pie de las páginas.
590 _aInventariado, 2023/BT
600 1 0 _aMir, Pedro,
_d1913-2000
_97245
650 4 _aPoesía dominicana
_966
650 0 _aLiteratura dominicana.
_967
700 1 _a Bosch, Juan,
_d1909-2001
_eprólogo
_976555
700 _aCastro, Tomás,
_d1959-
_924641
910 _aValidado. Control de calidad. MFF
942 _2ddc
_cLBS1
999 _c53123
_d53123